000 00643nam a2200217Ia 4500
005 20240212113629.0
008 131103s9999 xx 000 0 und d
020 _a81-250-3061-1
_cRs 795
040 _aLoreto College
041 _aEnglish
082 _a370.95
_bEDU
245 _aEducation and social change in South Asia
_cEdited by Krishna Kumar and Joachim Oesterheld
260 _aHyderabad
_bOrient Longman
_c2007
300 _a513p
504 _aInclude index
650 _aEducation- social changes-Soth Asia
651 _aSouth Asia-education-social change
700 _aKumar,Krishna, ed.
850 _aLCLIB
942 _cBK
999 _c14405
_d64884